Finish the MCU Quote - Statistics

General Stats
  • This quiz has been taken 98 times
  • The average score is 10 of 15
Answer Stats
Question Answer % Correct
What master do I serve? What am I supposed to say? ... Jesus?
99%
Dude you're embarrassing me in front of the ... Wizard.
90%
I assure you, brother, ... the sun will shine on us again.
86%
He may have been your father ... but he wasn't your daddy.
83%
If you're nothing without this suit, ... then you shouldn't have it.
82%
He's a friend from work.
76%
As you can see ... I am not dead.
72%
I'm with you ... untill the end of the line.
71%
But the one thing they love more then a hero ... is to see a hero fail, fall, die trying.
70%
Well I was ... born yesterday.
67%
Nothing goes over my head ... My reflexes are too fast. I would catch it.
59%
No amount of money ever ... bought a second of time.
51%
The hardest choice ... requires the strongest wills.
49%
I was meant to be new. ... I was meant to be beautiful.
47%
I would rather be a good man ... than a great king.
36%
No matching quizzes found
Score Distribution
Percent of People with Each Score
Percentile by Number Answered
Your Score History
You have not taken this quiz